| 000 | 01878nam a2200301 a 4500 | ||
|---|---|---|---|
| 003 | BLK | ||
| 005 | 20240709102208.0 | ||
| 008 | 191217b bu ||||| |||| 00| 0 bu d | ||
| 020 | _a9789549734447 | ||
| 040 | _aBLK | ||
| 041 |
_aBUL _cBUL |
||
| 080 |
_aФилософски мистицизъм. Ранни езотерични школи. Кабала. Теософия. Антропософия. Суфизъм. Еклектизъм. Синкретизъм. Херметизъм. Розенкройцерство. Др. школи _b141.33 _z141.33 |
||
| 080 |
_aРелигиозни учения. Догми. Обожествяване на природата - култ към фалоса и черепа, митове, тотемизъм, табу, манизъм, анимизъм, фетишизъм, тотемизъм. Демони. Космогония. Край на света. Есхатология _b291.2 _z291.2 _9237771 |
||
| 084 | _aД 95 | ||
| 100 |
_aДънов, Петър Константинов _9244373 |
||
| 245 |
_a Книга за неразбраните неща _bИз Словото на Учителя Петър Дънов _cПетър Дънов; презг. Елеазар Хараш. |
||
| 260 |
_9219554 _aВарна _bЛогос _c2013 |
||
| 300 |
_a326 с. _c20 см |
||
| 380 | _a1 | ||
| 500 | _aЕлеазар Хараш - псевд. на авт. на доп. материал Петко Йорданов Йорданов | ||
| 504 | _aБиблиогр.: с. 324-325 | ||
| 650 | 7 |
_9153927 _aДъновизъм |
|
| 700 |
_9401063 _aХараш, Елеазар _eпредг. _qЙорданов, Петйо |
||
| 852 |
_bП _c14/Д 95 П |
||
| 942 |
_cKNG _n0 _s1 _02 |
||
| 944 |
_a30540 _cСевдалина Тодорова _k30530 _lМинев Младен |
||
| 999 |
_c507978 _d507978 |
||